000 00285nam a22001337a 4500
082 _a823
_bOLI/V
100 _aOLIVER
100 _aGOLD SMITH
245 _aTHE VICAR OF WAKEFIELD
260 _aMADRAS
_bMACMILLAN
_c1980
300 _a111
650 _aENGLISH STORY
_zINDIA
942 _cBK
999 _c7283
_d7283